| 000 | 01800nam a2200229Ia 4500 | ||
|---|---|---|---|
| 003 | Ost | ||
| 005 | 20260507074951.0 | ||
| 008 | 260507s9999||||xx |||||||||||||| ||und|| | ||
| 020 | _a9957063448 | ||
| 040 | _cfsecg | ||
| 041 | _aara | ||
| 082 | _a341.75 | ||
| 100 |
_aأبوشرار، علي عبد الفتاح _eمؤلف |
||
| 245 | 0 |
_aالإقتصاد الدولي : _bنظريات وسياسات / _c علي عبد الفتاح أبوشرار |
|
| 250 | _aطبعة 1،طبعة 4 مختصرة | ||
| 260 |
_aعمان: _bدار المسيرة للنشر والتوزيع, _c2007 |
||
| 300 |
_a488 صفحة؛ _bإيضاحات ؛ _c25 سم |
||
| 504 | _aالطبعة الجديدة سنة 2015؛ببليوغرافيا:ص.521-525 الهوامش:ص.517-520 | ||
| 520 | _aأهمية الاقتصاد الدولي،نظريات التجارة الدولية، النظرية الحديثة للتجارة الدولية، منحنى العرض ومعدل التبادل التجاري، نظرية هيكشر-أولين ،الاختبار التجريبي لنظريتي التكاليف النسبية وهيكشر-أولين، النمو الاقتصادي والتجارة الدولية، تحركات عوامل الانتاج الدولية، الإقراض الدولي وأزمة الديون العالمية، السياسات التجارية،آثار السياسات التجارية، القيود التجارية في وضع التوازن الجزئي، حالة الدولة الكبيرة، أنواع السياسات التجارية، السياسات الإستراتيجية التجارية، التكامل الاقتصادي، المنظمات الاقتصادية التابعة الأمم المتحدة. | ||
| 653 | _aالإقتصاد دولي | ||
| 942 | _cكتاب | ||
| 999 |
_c41999 _d41999 |
||